00709nam a2200205 a 450000100100000000500170001000800410002702000150006808200140008310000370009724500560013426000400019030000210023049000270025171000490027883000340032795201120036199900170047304000130049000004413120201002045151.0140516s1986 mx 000 0 spa d a9682902096 aXXXbxxxx1 aGonzález de Alba, Luis.97213514aLos días y los años /cLuis González de Alba. aMéxico :bEdiciones Era :,c1986. a207 p. ;c21 cm.1 aLecturas mexicanasv412 aSecretaría de Educación Pública972136 0aLecturas mexicanasv41919857 001050718MOaGRbGRcCTd2014-05-16iLF1l0oXXX xxxxp44131-10r2020-06-25w2020-06-25y1ZNo se presta c43620d43620 aDO-SdBNP